Focus (Record no. 84120)

MARC details
000 -LEADER
fixed length control field 01060cab a22002295a 4500
001 - CONTROL NUMBER
control field L156691
008 - FIXED-LENGTH DATA ELEMENTS--GENERAL INFORMATION
fixed length control field 120626e20120623xxk 000 0 eng d
035 ## - SYSTEM CONTROL NUMBER
System control number (Sirsi) u156691
041 0# - LANGUAGE CODE
Language code of text/sound track or separate title eng
100 1# - MAIN ENTRY--PERSONAL NAME
Personal name Thame, David
245 00 - TITLE STATEMENT
Title Focus
Medium North West
260 ## - PUBLICATION, DISTRIBUTION, ETC.
Date of publication, distribution, etc. 2012
490 ## - SERIES STATEMENT
Series statement Estates Gazette
Volume/sequential designation (1225) 23 June 2012, 61-79(16)
520 ## - SUMMARY, ETC.
Summary, etc. Several proposed shopping centres schemes been cancelled including the Tithebarn in Preston and Northgate in Chester. Liverpool and Salford have opted for elected mayors. Looks at the growth of supersheds sector and the office market in Warrington. Lancashire County Council has set itself up as a property investor and developer to support and fund regeneration. Market health check looks at office take up and viability in Manchester and Liverpool, Retail Zone A rents and industrial take up, availability and prime rents.
590 ## - LOCAL NOTE (RLIN)
Local note KA
651 #4 - SUBJECT ADDED ENTRY--GEOGRAPHIC NAME
Geographic name Lancashire
651 #4 - SUBJECT ADDED ENTRY--GEOGRAPHIC NAME
Geographic name Cheshire
690 ## - LOCAL SUBJECT ADDED ENTRY--TOPICAL TERM (OCLC, RLIN)
Topical term or geographic name as entry element Commercial property
9 (RLIN) 6227
700 1# - ADDED ENTRY--PERSONAL NAME
Personal name Simmons, Mark
700 1# - ADDED ENTRY--PERSONAL NAME
Personal name Hawkes, Alex
942 ## - ADDED ENTRY ELEMENTS (KOHA)
Suppress in OPAC 0
Holdings
Withdrawn status Lost status Source of classification or shelving scheme Damaged status Not for loan Home library Current library Shelving location Date acquired Total Checkouts Full call number Barcode Date last seen Copy number Price effective from Koha item type
    Dewey Decimal Classification     London London Journal article 26/06/2012   L156691 156691-1001 06/08/2019 1 06/08/2019 Journal article